000 00652nam a2200241Ia 4500
003 OSt
005 20220918230842.0
006 a|||||r|||| 00| 0
007 ta
008 220917b |||||||| |||| 00| 0 eng d
024 _a260,586
037 _cTextual
040 _aARTS
_cARTS
_beng
041 _2eng
_aeng
082 _aV73k, K6
100 _aJohnson Thomas H.
245 0 _aOxford companion to American history
260 _aNew York
_bOxford University Press
_c1966
650 _aHISTORY
700 _a Wish Harvey
_996206
942 _hV73k, K6
_cTEXL
_2CC
999 _c289129
_d289129